000 01209nam a2200253 i 4500
001 152100
003 ES-MaACL
005 20230906204531.0
008 931025s1892 sp b 001 0 spa d
080 _a016:910.4(7/8)"14"
080 _a016:929 Colón, Cristóbal
245 0 0 _aBibliografía colombina :
_benumeración de libros y documentos concernientes a Cristóbal Colón y sus viajes /
_cobra que publica la Real Academia de la Historia por encargo de la Junta Directiva del Cuarto Centenario del Descubrimiento de América.
260 _aMadrid :
_bReal Academia de la Historia,
_c1892 (
_fTip. de Fortanet)
300 _aX, 680, [4] p. ;
_c28 cm.
530 _aDisponible en formato digital.
596 _aColofón.
597 _aAntep.
597 _aTexto a dos col.
600 1 4 _aColón, Cristóbal-
_vBibliografías.
_9147642
651 4 _aAmérica-
_xDescubrimientos y exploraciones-
_xEspañoles-
_vBibliografías.
_9147643
710 2 _aReal Academia de la Historia (España)
_96309
852 4 _aES-MaACL
_jF-2217
_z- Enc. pasta
856 4 _uhttp://bibliotecadigitalhispanica.bne.es:80/webclient/DeliveryManager?pid=1886932&custom_att_2=simple_viewer
_zBiblioteca Digital Hispánica
999 _c152100
_d152100